Енциклопедия на аквариумните рибки (Запис номер 104332)
[ съкратено ]
| 000 -Лидер | |
|---|---|
| Контролно поле с фиксирана дължина | 01212nam a2200349 c 4500 |
| 003 - Код на организацията, давaща контролен номер | |
| Контролно поле | BLK |
| 005 - Дата и час на последна редакция | |
| Контролно поле | 20180420230301.0 |
| 008 - Елементи от данни с фиксирана дължина | |
| fixed length control field | 180409b bul|||||r ||||||| ||bul|| |
| 010 ## - Наследен системен номер | |
| LC control number | KNG00109436000 |
| 020 ## - Международен стандартен номер на книга ISBN | |
| Международен стандартен номер на книга ISBN | 954-528-403-Х |
| -- | издат.: Труд |
| 040 ## - Източник на каталожния запис | |
| Идентификатор на билиотеката - собственик на записа | BLK |
| 041 ## - Код за език | |
| Код за езика на текст/звукозапис или на отделно заглавие | Български |
| Код за езика КДБФ | Български |
| 080 ## - УДК | |
| Текстов определител УДК | Аквариуми |
| УДК код - определител по УДК | 639.3.045 |
| УДК определител | (035) |
| УДК - код + определител | 639.3.045(035) |
| 100 1# - Редна дума - Автор | |
| Автор | Богоева, Румяна |
| Авторска отговорност | първи автор |
| R(LIN) | 309892 |
| 139 ## - Редно поле | |
| Редна дума | Богоева, Румяна |
| Авторски знак | Бого - Б 55 |
| 245 10 - Сведения за заглавието | |
| Заглавие | Енциклопедия на аквариумните рибки |
| Редно поле (дума) | Румяна Богоева. |
| 257 ## - Страна на издаване | |
| Страна на създаване/издаване | България |
| 260 ## - Област на издателските данни | |
| -- | София |
| Име на издателя, разпространителя и проч. | Труд |
| Година на издаване | 2003 |
| Печатница | София : Миско принт |
| 300 ## - Физическа характеристика | |
| Страници | 168 с. |
| Илюстрации и др. | с ил. |
| Размери/Мащаб | 23 см |
| 380 ## - Жанр | |
| Жанр | Селско стопанство |
| 500 ## - Общи забележки | |
| Забележка | Офс. изд. - 400 тир. - Азб. показалец. |
| 650 #4 - Допълнително описание по предмет – тема | |
| Основно описание – тема или топоним | Аквариуми - справочници |
| 9 (RLIN) | 309893 |
| 650 #4 - Допълнително описание по предмет – тема | |
| Основно описание – тема или топоним | Риби - справочници |
| 9 (RLIN) | 309894 |
| 653 ## - Ключова дума – ненормативна | |
| Ключова дума | аквариуми |
| 653 ## - Ключова дума – ненормативна | |
| Ключова дума | декоративни риби |
| 653 ## - Ключова дума – ненормативна | |
| Ключова дума | справочници |
| 852 ## - Местоположение | |
| Форматна сигнатура | Цб 216987 |
| 856 4# - Електронен адрес и достъп | |
| Електронен формат | pdf - файл |
| Път до файла /url/ | |
| 856 4# - Електронен адрес и достъп | |
| Електронен формат | pdf - файл |
| Път до файла /url/ | |
| 942 ## - АРТИКУЛИ | |
| Вид на библиотечния материал | Книги |
| Скрит в OPAC | Не |
| 944 ## - СЪЗДАВАНЕ И РЕДАКЦИЯ на ЗАПИСА | |
| Създаване/Редакция | Създаване |
| Дата на регистрацията/редакция | 08.12.2003 |
| Служител, извършил регистрацията/редакцията | Кети_Илиева |
| 944 ## - СЪЗДАВАНЕ И РЕДАКЦИЯ на ЗАПИСА | |
| Създаване/Редакция | Редакция |
| Дата на регистрацията/редакция | 01.02.2013 |
| Служител, извършил регистрацията/редакцията | |
| 999 ## - СИСТЕМНИ КОНТРОЛНИ НОМЕРА | |
| Koha biblionumber | 104332 |
| Koha biblioitemnumber | 104332 |
| Код за отписване | Код за изгубен артикул | Код за повреда | Коз за рестрикции | Код за отдаване | Артикулен № | Име на библиотеката - собственик | Име на библиотеката, в която се намира в момента | Статус (Текущо местоположение) | Дата на вписване в системата | Местоположение - отдел | Цена в лева | Инвентарен номер | Систематично азбучна сигнатура | Баркод | Номер на екземпляра | Цена в евро | Служебна бележка | Служебен тип на артикула |
|---|---|---|---|---|---|---|---|---|---|---|---|---|---|---|---|---|---|---|
| Не е изгубен | Не е повреден | без рестрикции | ползва се в читалня | 168508 | Регионална библиотека "Любен Каравелов" Русе | Регионална библиотека "Любен Каравелов" Русе | Читалня | 2003-12-08 | Читалня | 7.99 | 120000680674 | Ч 639/Б 55 | 120000680674 | 1 | 4.09 | Дост: Pk Вид: Ф N: 8852 Дата: 05.12.2003 Дата инв: 20.03.2017 Бележки инв: Ч2017 | Книги | |
| Не е изгубен | Не е повреден | без рестрикции | ползва се в читалня | 168509 | Регионална библиотека "Любен Каравелов" Русе | Регионална библиотека "Любен Каравелов" Русе | Хранилище | 2005-04-07 | Хранилище | 7.99 | 120000692997 | Цб 216987 | 120000692997 | 2 | 4.09 | Дост: Dp Вид: Д N: 23 Дата: 27.05.2004 | Книги |